000 00245nam a2200109Ia 4500
008 190216s9999||||xx |||||||||||||| ||und||
100 _aMadambu Kunjukuttan
245 0 _aKolani
260 _bD C Books Kerala
650 _aMalayalam
942 _cBK
999 _c26002
_d26002